<?xml version="1.0" encoding="UTF-8"?><?xml-stylesheet type="text/xsl" href="static/style.xsl"?><OAI-PMH xmlns="http://www.openarchives.org/OAI/2.0/" xmlns:xsi="http://www.w3.org/2001/XMLSchema-instance" xsi:schemaLocation="http://www.openarchives.org/OAI/2.0/ http://www.openarchives.org/OAI/2.0/OAI-PMH.xsd"><responseDate>2026-04-14T02:28:54Z</responseDate><request verb="GetRecord" identifier="oai:www.recercat.cat:11351/12275" metadataPrefix="marc">https://recercat.cat/oai/request</request><GetRecord><record><header><identifier>oai:recercat.cat:11351/12275</identifier><datestamp>2024-11-29T08:30:56Z</datestamp><setSpec>com_2072_378071</setSpec><setSpec>com_2072_378040</setSpec><setSpec>col_2072_378097</setSpec></header><metadata><record xmlns="http://www.loc.gov/MARC21/slim" xmlns:dcterms="http://purl.org/dc/terms/" xmlns:xsi="http://www.w3.org/2001/XMLSchema-instance" xmlns:doc="http://www.lyncode.com/xoai" xsi:schemaLocation="http://www.loc.gov/MARC21/slim http://www.loc.gov/standards/marcxml/schema/MARC21slim.xsd">
   <leader>00925njm 22002777a 4500</leader>
   <datafield ind2=" " ind1=" " tag="042">
      <subfield code="a">dc</subfield>
   </datafield>
   <datafield ind2=" " ind1=" " tag="720">
      <subfield code="a">de Lange, Frederik</subfield>
      <subfield code="e">author</subfield>
   </datafield>
   <datafield ind2=" " ind1=" " tag="720">
      <subfield code="a">de Jong, Jelle</subfield>
      <subfield code="e">author</subfield>
   </datafield>
   <datafield ind2=" " ind1=" " tag="720">
      <subfield code="a">van Zanten, Steven</subfield>
      <subfield code="e">author</subfield>
   </datafield>
   <datafield ind2=" " ind1=" " tag="720">
      <subfield code="a">Hofland, Willem Petrus Merijn Emmanuël</subfield>
      <subfield code="e">author</subfield>
   </datafield>
   <datafield ind2=" " ind1=" " tag="720">
      <subfield code="a">Tabak, Rick</subfield>
      <subfield code="e">author</subfield>
   </datafield>
   <datafield ind2=" " ind1=" " tag="720">
      <subfield code="a">Cammenga, Marianne</subfield>
      <subfield code="e">author</subfield>
   </datafield>
   <datafield ind2=" " ind1=" " tag="720">
      <subfield code="a">Francisco Pascual, Jaume</subfield>
      <subfield code="e">author</subfield>
   </datafield>
   <datafield ind2=" " ind1=" " tag="260">
      <subfield code="c">2024-11-26T09:17:16Z</subfield>
   </datafield>
   <datafield ind2=" " ind1=" " tag="260">
      <subfield code="c">2024-11-26T09:17:16Z</subfield>
   </datafield>
   <datafield ind2=" " ind1=" " tag="260">
      <subfield code="c">2024-10-14</subfield>
   </datafield>
   <datafield ind2=" " ind1=" " tag="520">
      <subfield code="a">Carotid sinus massage; Haemodynamic monitoring; Syncope</subfield>
   </datafield>
   <datafield ind2=" " ind1=" " tag="520">
      <subfield code="a">Masaje del seno carotídeo; Monitorización hemodinámica; Síncope</subfield>
   </datafield>
   <datafield ind2=" " ind1=" " tag="520">
      <subfield code="a">Massatge del sinus carotidi; Monitorització hemodinàmica; Síncope</subfield>
   </datafield>
   <datafield ind2=" " ind1=" " tag="520">
      <subfield code="a">Carotid sinus massage (CSM) as integral part of cardiovascular autonomic testing is indicated in all patients > 40 years with syncope of unknown origin and suspected reflex mechanism. However, large practice variation exists in performing CSM that inevitably affects the positivity rate of the test and may result in an inaccurate diagnosis in patients with unexplained syncope. Even though CSM was introduced into medical practice more than 100 years ago, the method of performing CSM is still largely operator- and centre-dependent, while in many places, the test has been entirely abandoned. Here, we describe a standardized protocol on how to perform CSM, which basic monitoring equipment is necessary and why CSM is a safe procedure to perform. Our aim is to create a uniform approach to perform CSM. The new proposed algorithm, the Six-Step-Method, includes: (i) check history for exclusion CSM; (ii) turn head slightly contralaterally and posterior (see also explanatory video and poster provided as Supplementary material; (iii) palpation to identify carotid sinus location; (iv) massage for 10 s; (v) monitoring of blood pressure and heart rate to assess of the haemodynamic response type; and (vi) include time intervals between subsequent massages. Carotid sinus massage should be performed on both the left and right and in the supine and upright position. The recommended equipment to perform CSM consists of: (i) a tilt table in order to perform CSM in supine and standing position, (ii) a continuous blood pressure monitor or cardiac monitor, and (iii) at least two persons.</subfield>
   </datafield>
   <datafield tag="653" ind2=" " ind1=" ">
      <subfield code="a">Hemodinàmica</subfield>
   </datafield>
   <datafield tag="653" ind2=" " ind1=" ">
      <subfield code="a">Síncope (Patologia)</subfield>
   </datafield>
   <datafield tag="653" ind2=" " ind1=" ">
      <subfield code="a">Si carotidi</subfield>
   </datafield>
   <datafield tag="653" ind2=" " ind1=" ">
      <subfield code="a">Massatge cardíac</subfield>
   </datafield>
   <datafield tag="653" ind2=" " ind1=" ">
      <subfield code="a">ANALYTICAL, DIAGNOSTIC AND THERAPEUTIC TECHNIQUES, AND EQUIPMENT::Therapeutics::Emergency Treatment::Resuscitation::Heart Massage</subfield>
   </datafield>
   <datafield tag="653" ind2=" " ind1=" ">
      <subfield code="a">DISEASES::Nervous System Diseases::Neurologic Manifestations::Neurobehavioral Manifestations::Consciousness Disorders::Unconsciousness::Syncope</subfield>
   </datafield>
   <datafield tag="653" ind2=" " ind1=" ">
      <subfield code="a">Other subheadings::Other subheadings::/diagnosis</subfield>
   </datafield>
   <datafield tag="653" ind2=" " ind1=" ">
      <subfield code="a">ANATOMY::Cardiovascular System::Blood Vessels::Arteries::Carotid Arteries::Carotid Sinus</subfield>
   </datafield>
   <datafield tag="653" ind2=" " ind1=" ">
      <subfield code="a">PHENOMENA AND PROCESSES::Circulatory and Respiratory Physiological Phenomena::Cardiovascular Physiological Phenomena::Hemodynamics</subfield>
   </datafield>
   <datafield tag="653" ind2=" " ind1=" ">
      <subfield code="a">TÉCNICAS Y EQUIPOS ANALÍTICOS, DIAGNÓSTICOS Y TERAPÉUTICOS::terapéutica::tratamiento de urgencia::resucitación::masaje cardíaco</subfield>
   </datafield>
   <datafield tag="653" ind2=" " ind1=" ">
      <subfield code="a">ENFERMEDADES::enfermedades del sistema nervioso::manifestaciones neurológicas::manifestaciones neuroconductuales::trastornos de la conciencia::inconsciencia::síncope</subfield>
   </datafield>
   <datafield tag="653" ind2=" " ind1=" ">
      <subfield code="a">Otros calificadores::Otros calificadores::/diagnóstico</subfield>
   </datafield>
   <datafield tag="653" ind2=" " ind1=" ">
      <subfield code="a">ANATOMÍA::sistema cardiovascular::vasos sanguíneos::arterias::arterias carótidas::seno carotídeo</subfield>
   </datafield>
   <datafield tag="653" ind2=" " ind1=" ">
      <subfield code="a">FENÓMENOS Y PROCESOS::fenómenos fisiológicos respiratorios y circulatorios::fenómenos fisiológicos cardiovasculares::hemodinámica</subfield>
   </datafield>
   <datafield ind2="0" ind1="0" tag="245">
      <subfield code="a">Carotid sinus massage in clinical practice: the Six-Step-Method</subfield>
   </datafield>
</record></metadata></record></GetRecord></OAI-PMH>